Critical aspects of developing integrated pest management to manage cereal leaf beetle Oulema melanopus (l) - a literature review

Elmentve itt :
Bibliográfiai részletek
Szerzők: Chaddadi Meriem
Szalai Márk
Sári-Barnácz Fruzsina
Kiss József
Testületi szerző: Wellmann International Scientific Conference (18.) (2021)
Dokumentumtípus: Könyv része
Megjelent: University of Szeged Faculty of Agriculture Hódmezővásárhely 2021
Sorozat:Wellmann International Scientific Conference
Kulcsszavak:Növényvédelem - előadáskivonat
Tárgyszavak:
Online Access:http://acta.bibl.u-szeged.hu/76184
LEADER 01080naa a2200253 i 4500
001 acta76184
005 20221108134837.0
008 220711s2021 hu o 1|| eng d
020 |a 978-963-306-790-1 
040 |a SZTE Egyetemi Kiadványok Repozitórium  |b hun 
041 |a eng 
100 1 |a Chaddadi Meriem 
245 1 0 |a Critical aspects of developing integrated pest management to manage cereal leaf beetle Oulema melanopus (l) - a literature review  |h [elektronikus dokumentum] /  |c  Chaddadi Meriem 
260 |a University of Szeged Faculty of Agriculture  |b Hódmezővásárhely  |c 2021 
300 |a 22 
490 0 |a Wellmann International Scientific Conference 
650 4 |a Mezőgazdaság-tudományok 
650 4 |a Mezőgazdaság, erdészet, halászat 
695 |a Növényvédelem - előadáskivonat 
700 0 1 |a Szalai Márk  |e aut 
700 0 2 |a Sári-Barnácz Fruzsina  |e aut 
700 0 2 |a Kiss József  |e aut 
710 |a Wellmann International Scientific Conference (18.) (2021) 
856 4 0 |u http://acta.bibl.u-szeged.hu/76184/1/wellmann_abstracts_2021_022.pdf  |z Dokumentum-elérés